000 00276nam a22001097a 4500
008 160518b xxu||||| |||| 00| 0 eng d
020 _a9780521699983
041 _aeng
080 _a61
245 _aJust health / Meetings health needs fairly:
_cNorman Daniels;
942 _2udc
_cBK
999 _c2156
_d2156